| 000 | 00492nam a2200169 i 4500 | ||
|---|---|---|---|
| 001 | bgj | ||
| 100 | 1 | _aTRUSS, Lynn. | |
| 245 | 1 | 0 |
_aEats, shoots and leaves : _bthe zero tolerance : approach to punctuation / _cLynn Truss. |
| 260 |
_aLondon : _bProfile Books Ltd. ; _c2003. |
||
| 300 |
_aX, 209 pp ; _c20 cm. |
||
| 504 | _aBibliography p. 205-209. | ||
| 650 | 9 |
_aEnglish Language _xPunctuation |
|
| 040 | _cBPK | ||
| 041 | 0 | _aeng | |
| 942 | _cKS | ||
| 008 | s uk f |000 0 eng | ||
| 999 |
_c48556 _d48556 |
||
| 856 |
_uhttp://koha.tu.koszalin.pl/cgi-bin/koha/opac-detail.pl?biblionumber=48556 _yKatalog online BPK |
||